Подробности
| 000 -МАРКЕР |
| контрольное поле |
01741nam2a22002891 4500 |
| 001 - ИДЕНТИФИКАТОР ЗАПИСИ |
| контрольное поле |
rc\144562 |
| 005 - ИДЕНТИФИКАТОР ВЕРСИИ |
| контрольное поле |
20260527122040.0 |
| 010 ## - МЕЖДУНАРОДНЫЙ СТАНДАРТНЫЙ НОМЕР КНИГИ (ISBN) |
| Номер (ISBN) |
5-02-031248-7 |
| Тираж |
1120 |
| 035 ## - ДРУГИЕ СИСТЕМНЫЕ НОМЕРА |
| Идентификатор записи |
(NLR Aleph) 008743188 |
| 100 ## - ДАННЫЕ ОБЩЕЙ ОБРАБОТКИ |
| Данные общей обработки |
20030307d1995 u |0rusy50 ca |
| 101 0# - ЯЗЫК РЕСУРСА |
| Язык текста, звукозаписи и т.д. |
русский |
| 102 ## - СТРАНА ПУБЛИКАЦИИ ИЛИ ПРОИЗВОДСТВА |
| Страна публикации |
Российская Федерация |
| 105 ## - ПОЛЕ КОДИРОВАННЫХ ДАННЫХ: ТЕКСТОВЫЕ МАТЕРИАЛЫ, МОНОГРАФИЧЕСКИЕ |
| Кодированные данные о монографическом текстовом документе |
a ||||||||| |
| 200 1# - ЗАГЛАВИЕ И СВЕДЕНИЯ ОБ ОТВЕТСТВЕННОСТИ |
| Основное заглавие |
Плазменная безмазутная растопка котлов и стабилизация горения пылеугольного факела |
| Первые сведения об ответственности |
[М.Ф. Жуков, Е.И. Карпенко, В.С. Перегудов и др.] |
| Последующие сведения об ответственности |
Отв. ред.: д. т. н. В.Е. Мессерле, к. т. н. В.С. Перегудов |
| -- |
[Рос. акад. наук. Сиб. отд-ние. Ин-т теплофизики] |
| -- |
[Гл. ред. акад. М.Ф. Жуков] |
| 210 ## - ПУБЛИКАЦИЯ, РАСПРОСТРАНЕНИЕ И ДР. |
| Имя издателя, распространителя и т. д. |
Сиб. издат. фирма |
| Дата издания, распространения и т.д. |
1995 |
| 215 ## - ФИЗИЧЕСКАЯ ХАРАКТЕРИСТИКА |
| Специфическое обозначение материала и объем |
304 с. |
| Другие сведения о физической характеристике |
ил. |
| 300 ## - ОБЩИЕ ПРИМЕЧАНИЯ |
| Текст примечания |
Рез. на англ. яз. |
| 320 ## - ПРИМЕЧАНИЯ О НАЛИЧИИ В ДОКУМЕНТЕ БИБЛИОГРАФИИ / УКАЗАТЕЛЯ |
| Текст примечания |
Библиогр.: с. 287-301 |
| 461 #0 - УРОВЕНЬ НАБОРА |
| Встроенное поле |
001rc\144553 |
| -- |
2001#$aНИЗКОТЕМПЕРАТУРНАЯ плазма$f[Рос. акад. наук. Сиб. отд-ние, Ин-т теплофизики$gРедкол.: ...М.Ф. Жуков и др.]$v[Т.] 16 |
| Системный номер (АБИС) связанной записи |
7861678 |
| Место публикации |
Новосибирск |
| Дата публикации |
1992 |
| Первые сведения об ответственности |
[Рос. акад. наук. Сиб. отд-ние, Ин-т теплофизики |
| Имя издателя, распространителя и т.д. |
Наука. Сиб. отд-ние |
| Заглавие |
НИЗКОТЕМПЕРАТУРНАЯ плазма |
| Номер тома |
[Т.] 16 |
| 701 #1 - ИМЯ ЛИЦА - АЛЬТЕРНАТИВНАЯ ОТВЕТСТВЕННОСТЬ |
| Графика поля |
Кириллица |
| Материалы, к которым относится поле |
rus |
| Начальный элемент ввода |
Жуков |
| Часть имени, кроме начального элемента ввода |
М. Ф. |
| Дополнения к именам, кроме дат |
д-р техн. наук, плазмодинамика |
| Даты |
1917-1998 |
| Расширение инициалов личного имени |
Михаил Федорович |
| Системный номер авторитетной/нормативной записи |
35600 |
| Идентификатор авторитетной/нормативной записи |
RU\NLR\AUTH\7752667 |
| 801 #0 - ИСТОЧНИК ЗАПИСИ |
| Страна |
Российская Федерация |
| Организация |
NLR |
| Правила каталогизации |
psbo |
| 801 #1 - ИСТОЧНИК ЗАПИСИ |
| Страна |
Российская Федерация |
| Организация |
ELAR |
| Источник данных |
rusmarc |
| 852 ## - МЕСТОНАХОЖДЕНИЕ И ШИФР ХРАНЕНИЯ |
| Идентификатор организации |
NLR |
| Шифр хранения (Call Number) |
90-5/6111 |
| 942 ## - ДОПОЛНИТЕЛЬНЫЕ ЭЛЕМЕНТЫ ЗАПИСИ (АБИС) |
| Тип экземпляра АБИС |
Книга |
| 980 ## - КОЛЛЕКЦИЯ |
| Название коллекции |
Национальная библиография |